Pád múru - Socioekonomická interpretácia jeho následkov

Spoločensko - ekonomický kontext západného sveta po roku 1989. Medzinárodný menový poriadok a deregulácia kapitálových trhov. Vytvorenie Európskej hospodárskej a menovej únie. Teória hier a proces rozpadu súčasných inštitúcií. Význam verejných záujmov a úloha spolupráce ako nástroja na ich dosahovan...

Descrizione completa

Salvato in:
Dettagli Bibliografici
Autore principale: Matzner, Egon
Altri autori: Harmadyová, Valentína, Bunčák, Ján
Natura: Libro
Lingua:slovacco
Soggetti:
Tags: Aggiungi Tag
Nessun Tag, puoi essere il primo ad aggiungerne!!

MARC

LEADER 00000nam a2200000 4500
001 r031896
005 20230929065951.3
041 0 |a slo 
044 |a SK 
245 1 0 |a Pád múru - Socioekonomická interpretácia jeho následkov  |c Egon Matzner ; [preložili] Valentína Harmadyová, Ján Bunčák 
520 |a Spoločensko - ekonomický kontext západného sveta po roku 1989. Medzinárodný menový poriadok a deregulácia kapitálových trhov. Vytvorenie Európskej hospodárskej a menovej únie. Teória hier a proces rozpadu súčasných inštitúcií. Význam verejných záujmov a úloha spolupráce ako nástroja na ich dosahovanie. Nadradenosť cieľov monetárnej stability ako hlavná hrozba pre sociálny štát. Náčrt prokooperatívneho socioekonomického kontextu. 
610 2 0 |a procesy sociálno-ekonomické 
610 2 0 |a hypotézy 
610 2 0 |a história 
610 2 0 |a politika 
610 2 0 |a Európska únia 
610 2 0 |a teória hier 
610 2 0 |a kooperácia 
610 2 0 |a trh kapitálový 
610 2 0 |a záujmy ekonomické 
610 2 0 |a konkurencia 
610 2 0 |a zadlženosť 
610 2 0 |a dávky sociálne 
100 1 |a Matzner, Egon 
700 1 |a Harmadyová, Valentína 
700 1 |a Bunčák, Ján